[Event "World ol U16 10th"]
[Site "Kocaeli"]
[Date "2011.10.31"]
[Round "10.3"]
[White "Burduli, Guga"]
[Black "Iyti, Basher"]
[Result "0-1"]
[WhiteElo "1898"]
[BlackElo "2225"]
[PlyCount "82"]
[EventDate "2011.10.24"]
[EventType "team-swiss"]
[EventRounds "10"]
[EventCountry "TUR"]
[SourceTitle "EXT 2012"]
[Source "ChessBase"]
[SourceDate "2011.11.24"]
[SourceVersion "1"]
[SourceVersionDate "2011.11.24"]
[SourceQuality "1"]
[WhiteTeam "Georgia"]
[BlackTeam "Syria"]
[WhiteTeamCountry "GEO"]
[BlackTeamCountry "SYR"]

1. e4 d6 2. d4 Nf6 3. Nc3 Nbd7 4. f4 e5 5. Nf3 exd4 6. Qxd4 c6 7. a4 d5 8. exd5 Bc5 9. Qd3 0-0 10. Be2 Re8 11. Bd2 Ng4 12. Ng5 Ndf6 13. 0-0-0 cxd5 14. Bxg4 Bxg4 15. Rde1 Qd7 16. Re5 Rxe5 17. fxe5 Bf5 18. Qb5 d4 19. Qxd7 Nxd7 20. Nce4 Rc8 21. Rf1 Bg6 22. Nxc5 Nxc5 23. c3 Nd3+ 24. Kb1 Nxe5+ 25. Ka2 Nc4 26. Bf4 f6 27. Nf3 dxc3 28. bxc3 Nb6 29. Kb3 Bf7+ 30. Kc2 Nxa4 31. Bd2 b5 32. Ra1 Bg6+ 33. Kb3 a5 34. Nd4 Nc5+ 35. Kb2 Ne4 36. Be1 Nd6 37. Kb3 Bf7+ 38. Kc2 a4 39. Bg3 Bg6+ 40. Kb2 a3+ 41. Kxa3 Ra8+ 0-1

[Event "World ol U16 10th"]
[Site "Kocaeli"]
[Date "2011.10.29"]
[Round "8.19"]
[White "Burduli, Guga"]
[Black "Yeap, Eng Cheam"]
[Result "0-1"]
[WhiteElo "1898"]
[BlackElo "2150"]
[PlyCount "116"]
[EventDate "2011.10.24"]
[EventType "team-swiss"]
[EventRounds "10"]
[EventCountry "TUR"]
[SourceTitle "EXT 2012"]
[Source "ChessBase"]
[SourceDate "2011.11.24"]
[SourceVersion "1"]
[SourceVersionDate "2011.11.24"]
[SourceQuality "1"]
[WhiteTeam "Georgia"]
[BlackTeam "Malaysia"]
[WhiteTeamCountry "GEO"]
[BlackTeamCountry "MAS"]

1. e4 c5 2. Nf3 a6 3. c4 Qc7 4. Nc3 e6 5. d4 d6 6. Be2 Nf6 7. 0-0 Be7 8. Bg5 Nbd7 9. h3 h6 10. Be3 e5 11. dxe5 dxe5 12. Nd5 Nxd5 13. exd5 f5 14. Ne1 0-0 15. f4 Bd6 16. fxe5 Nxe5 17. Nf3 Bd7 18. Bd2 Rae8 19. Bc3 Ng6 20. Bd3 Re3 21. Qd2 Bf4 22. Qc2 Bg3 23. Bd2 Re7 24. Kh1 Nf4 25. Bxf4 Qxf4 26. Ng1 Qg5 27. Ne2 Bd6 28. Rf3 Rfe8 29. Raf1 Re3 30. Qd1 g6 31. Rxe3 Rxe3 32. Rf3 Rxf3 33. gxf3 Kf7 34. Qc1 Qh4 35. Qf1 Qe7 36. Qc1 g5 37. b3 Qe5 38. Qg1 Qb2 39. Qb1 Qd2 40. Kg2 Kf6 41. Qc2 Qe3 42. Qd1 h5 43. Ng3 Qe5 44. Nf1 Qd4 45. Bc2 Qe5 46. Qc1 Qe2+ 47. Kg1 Qxf3 48. Qe3 Qxe3+ 49. Nxe3 f4 50. Nd1 Bxh3 51. Nf2 Bf5 52. Bd1 g4 53. Kg2 Kg5 54. a3 f3+ 55. Bxf3 gxf3+ 56. Kxf3 a5 57. Ke3 h4 58. Kd2 h3 0-1

[Event "World ol U16 10th"]
[Site "Kocaeli"]
[Date "2011.10.27"]
[Round "6.7"]
[White "Terentjev, Vladislav"]
[Black "Burduli, Guga"]
[Result "1-0"]
[WhiteElo "2356"]
[BlackElo "1898"]
[PlyCount "86"]
[EventDate "2011.10.24"]
[EventType "team-swiss"]
[EventRounds "10"]
[EventCountry "TUR"]
[SourceTitle "EXT 2012"]
[Source "ChessBase"]
[SourceDate "2011.11.24"]
[SourceVersion "1"]
[SourceVersionDate "2011.11.24"]
[SourceQuality "1"]
[WhiteTeam "Russia"]
[BlackTeam "Georgia"]
[WhiteTeamCountry "RUS"]
[BlackTeamCountry "GEO"]

1. c4 e5 2. Nf3 d6 3. g3 f5 4. d4 e4 5. Ng1 Nf6 6. Bg2 Be7 7. Nc3 0-0 8. f3 exf3 9. Nxf3 Nc6 10. 0-0 Kh8 11. e3 Qe8 12. Bd2 Qh5 13. Nd5 Bd8 14. Nf4 Qe8 15. b4 Ne4 16. b5 Nb8 17. Qc2 Nd7 18. Rae1 Ndf6 19. Bb4 Bd7 20. d5 c6 21. dxc6 bxc6 22. bxc6 Bxc6 23. Nd4 Ba4 24. Qd3 Rb8 25. Qa3 Bd7 26. Bxd6 Nxd6 27. Qxd6 Rb6 28. Qa3 Be7 29. Qxa7 Bc5 30. Qa5 Qe7 31. Nd3 Bxd4 32. exd4 Qd6 33. Qc3 Ra6 34. c5 Qc7 35. Nb4 Ra4 36. c6 Bc8 37. Qc5 Rd8 38. Re7 Qd6 39. Qxd6 Rxd6 40. Nd5 Ng8 41. Re8 Be6 42. c7 Rc4 43. Re1 Bf7 1-0

[Event "World ol U16 10th"]
[Site "Kocaeli"]
[Date "2011.10.26"]
[Round "4.3"]
[White "Burduli, Guga"]
[Black "Harutyunian, Tigran K"]
[Result "0-1"]
[WhiteElo "1898"]
[BlackElo "2201"]
[PlyCount "56"]
[EventDate "2011.10.24"]
[EventType "team-swiss"]
[EventRounds "10"]
[EventCountry "TUR"]
[SourceTitle "EXT 2012"]
[Source "ChessBase"]
[SourceDate "2011.11.24"]
[SourceVersion "1"]
[SourceVersionDate "2011.11.24"]
[SourceQuality "1"]
[WhiteTeam "Georgia"]
[BlackTeam "Armenia"]
[WhiteTeamCountry "GEO"]
[BlackTeamCountry "ARM"]

1. e4 c5 2. Nf3 e6 3. b3 Nc6 4. Bb5 Nge7 5. Bb2 a6 6. Bd3 Ng6 7. g3 d6 8. 0-0 e5 9. c3 Be7 10. Re1 h5 11. Bf1 h4 12. d4 hxg3 13. fxg3 cxd4 14. cxd4 Bg4 15. dxe5 Qb6+ 16. Bd4 Nxd4 17. Qxd4 Qxd4+ 18. Nxd4 dxe5 19. Nc2 Rc8 20. Nba3 Rc3 21. Be2 Bc5+ 22. Kh1 Rf3 23. Rf1 Rxg3 24. Bxg4 Rxg4 25. b4 Rgh4 26. bxc5 Rxh2+ 27. Kg1 Nf4 28. Ne3 Ne2# 0-1